| 000 | 00795cam a2200277ua 4500 | ||
|---|---|---|---|
| 001 | 4437125 | ||
| 003 | OSt | ||
| 005 | 20140310182036.0 | ||
| 008 | 790817s1977 ilua 000 0 eng d | ||
| 010 | _a78057957 | ||
| 035 | _a(OCoLC)5284883 | ||
| 035 | _a(OCoLC)ocm05284883 | ||
| 035 | _a(NNC)4437125 | ||
| 040 |
_aScCoR _cScCoR _dNNUT _dCStRLIN |
||
| 050 |
_aBV 3415.2 _b.L897 1977 |
||
| 082 |
_aHS 26.2 _bAi4 1977 |
||
| 245 | 0 | 0 |
_aLove China today / _cDavid Aikman, editor. |
| 260 |
_aManila, Philippines : _bOpen Doors International, _cc1977. |
||
| 300 |
_a227 p. : _bill. ; _c18 cm. |
||
| 650 | 0 |
_aMissions _zChina. _910702 |
|
| 651 | 0 |
_aChina _xChurch history _y20th century. _910703 |
|
| 700 | 1 |
_aAikman, David, _d1944- _910704 |
|
| 942 |
_2lcc _cHS _kHS |
||
| 999 |
_c8684 _d8684 |
||